Zasady prawa gospodarczego materialy z konferencji naukowej ..., Sobótka, 10-12 wrzesnia 1998

Na minha lista:
Detalhes bibliográficos
Outros Autores: Smieja, Andrzej
Formato: Livro
Idioma:polonês
Publicado em: Wroclaw Wydawnictwo Akademii Ekonomicznej im. Oskara Langego we Wroclawiu 1999
Colecção:Materialy konferencyjne Prace naukowe nr. 840
Assuntos:
Tags: Adicionar Tag
Sem tags, seja o primeiro a adicionar uma tag!

MARC

LEADER 00000nam a2200000 4500
001 c122958
005 20221207104022.8
022 |a 0324-8445 
041 0 |a pol 
044 |a PL 
245 1 0 |a Zasady prawa gospodarczego  |b materialy z konferencji naukowej ..., Sobótka, 10-12 wrzesnia 1998  |c Redaktor naukowy: Andrzej Smieja 
264 1 |a Wroclaw  |b Wydawnictwo Akademii Ekonomicznej im. Oskara Langego we Wroclawiu  |c 1999 
300 |a 84 s. 
490 1 |a Materialy konferencyjne  |v Prace naukowe nr. 840 
830 0 |a Materialy konferencyjne  |v Prace naukowe nr. 840 
610 2 0 |a právo hospodárske 
610 2 0 |a predpisy právne 
610 2 0 |a smernice 
610 2 0 |a normy právne 
610 2 0 |a legislatíva 
700 1 |a Smieja, Andrzej